| 000 | 00982cam a22002771i 4500 | ||
|---|---|---|---|
| 003 | SA-RiAUC | ||
| 005 | 20250222062212.0 | ||
| 008 | 250219s2008 le g i000 0 ara c | ||
| 020 | _a1565643224 | ||
| 040 |
_aJO-AmWISE _bara _cSA-RiAUC _erda |
||
| 082 | 0 | 4 |
_a214.3 _qSA-RiAUC |
| 090 |
_a214.3 _bب ز ا |
||
| 100 | 1 |
_aبزا، عبد النور، _d1961- _eمؤلف. |
|
| 245 | 1 | 0 |
_aمصالح الإنسان : _bمقاربة مقاصدية / _cعبد النور بزا. |
| 250 | _aالطبعة الأولى. | ||
| 264 | 1 |
_aبيروت : _bالمعهد العالمي للفكر الإسلامي، _c2008 |
|
| 300 | _a448 صفحة | ||
| 336 |
_aنص _btxt _2rdacontent _3كتاب |
||
| 337 |
_aبدون وسيط _bn _2rdamedia |
||
| 338 |
_aمجلد _bnc _2rdacarrier |
||
| 500 | _a1 لون. | ||
| 650 | 7 |
_aالإسلام وحقوق الإنسان _2aucsh |
|
| 650 | 7 |
_aمقاصد الشريعة _2aucsh |
|
| 942 |
_2ddc _cBOOK _n0 |
||
| 949 |
_aSA-JeALM _d250219 _umohamedma123 _n1 |
||
| 999 |
_c6137 _d6137 |
||